Govt. of
Madhya Pradesh

The Story Of English In India (Record no. 2171)

MARC details
000 -LEADER
fixed length control field 004400000a22001690004500
003 - CONTROL NUMBER IDENTIFIER
control field MACL
005 - DATE AND TIME OF LATEST TRANSACTION
control field 20150916102341.0
008 - FIXED-LENGTH DATA ELEMENTS--GENERAL INFORMATION
fixed length control field 150916b xxu||||| |||| 00| 0 eng d
040 ## - CATALOGING SOURCE
Original cataloging agency MACL
Transcribing agency MACL
041 ## - LANGUAGE CODE
Language code of text/sound track or separate title English
082 ## - DEWEY DECIMAL CLASSIFICATION NUMBER
Classification number 823/KRI
100 ## - MAIN ENTRY--PERSONAL NAME
Personal name Krishnaswamy, D.
9 (RLIN) 11364
245 ## - TITLE STATEMENT
Title The Story Of English In India
260 ## - PUBLICATION, DISTRIBUTION, ETC. (IMPRINT)
Place of publication, distribution, etc. New Delhi
Name of publisher, distributor, etc. Foundation Books Pvt,
Date of publication, distribution, etc. 2006
650 ## - SUBJECT ADDED ENTRY--TOPICAL TERM
Topical term or geographic name as entry element English Stories
9 (RLIN) 10043
942 ## - ADDED ENTRY ELEMENTS (KOHA)
Koha item type Books
Call number prefix 823/KIR
Source of classification or shelving scheme
Holdings
Withdrawn status Lost status Source of classification or shelving scheme Damaged status Not for loan Home library Current library Date acquired Total Checkouts Full call number Barcode Date last seen Uniform Resource Identifier Price effective from Koha item type
          MACL MACL 16/09/2015   823/KIR CRE020579 02/05/2024 2166 15/04/2015 Books